000 00628nam a2200205 4500
001 144800
003 ES-MaACL
005 20260220164610.0
007 t|
008 070214s1955 sp r ||||1| spa d
100 1 _aSimenon, Georges,
_d1903-1989
_9106467
245 1 4 _aLos hermanos Rico
_b: novela /
_cGeorges Simenon ; traducción de F. Cañameras.
260 _aBarcelona :
_bAlbor,
_c1955.
300 _a230 p. ;
_c18 cm.
490 1 _aCol. albor
700 1 _aCanyameres, Ferran,
_d1898-1964
_934731
830 0 0 _aColección Albor
_9241746
852 _aES-MaACL
_jC-10029
_bR.38044
999 _c144800
_d144800